[Event "9 Round Open"]
[Site "Enniscrone, Sligo, IE"]
[Date "2026.02.03"]
[Round "3"]
[White "Gulljord, Birk"]
[Black "Ivanov, Andrey A."]
[Result "1/2-1/2"]
[Board "7"]
[WhiteFideId "1542753"]
[BlackFideId "2514311"]
[BlackTitle "CM"]
[WhiteElo "1923"]
[BlackElo "2093"]
[WhiteTeam "NOR"]
[BlackTeam "IRL"]
[WhiteClock "0:12:11"]
[BlackClock "0:29:13"]
[Variant "Standard"]

1. d4 {[%clk 1:30:54]}  Nf6 {[%clk 1:30:52]} 2. c4 {[%clk 1:31:03]}  e6 {[%clk 1:31:18]} 3. Nf3 {[%clk 1:31:12]}  Bb4+ {[%clk 1:31:43]} 4. Bd2 {[%clk 1:30:35]}  Qe7 {[%clk 1:32:01]} 5. g3 {[%clk 1:30:23]}  Nc6 {[%clk 1:32:25]} 6. Nc3 {[%clk 1:30:22]}  O-O {[%clk 1:31:35]} 7. Bg2 {[%clk 1:30:10]}  d6 {[%clk 1:31:26]} 8. O-O {[%clk 1:30:08]}  a5 {[%clk 1:31:48]} 9. Rc1 {[%clk 1:23:36]}  Bxc3 {[%clk 1:31:53]} 10. Bxc3 {[%clk 1:23:50]}  e5 {[%clk 1:32:05]} 11. Qc2 {[%clk 1:13:52]}  Bg4 {[%clk 1:28:55]} 12. Rfe1 {[%clk 1:10:53]}  Nd7 {[%clk 1:24:55]} 13. e3 {[%clk 1:01:21]}  f5 {[%clk 1:24:52]} 14. Nd2 {[%clk 0:50:55]}  Qf6 {[%clk 1:21:43]} 15. c5 {[%clk 0:39:20]}  Kh8 {[%clk 1:02:06]} 16. cxd6 {[%clk 0:33:46]}  cxd6 {[%clk 1:01:21]} 17. Qb3 {[%clk 0:29:41]}  Rab8 {[%clk 0:58:22]} 18. Qb5 {[%clk 0:25:47]}  exd4 {[%clk 0:46:35]} 19. exd4 {[%clk 0:25:47]}  f4 {[%clk 0:46:55]} 20. Ne4 {[%clk 0:24:08]}  Qh6 {[%clk 0:46:46]} 21. Qg5 {[%clk 0:21:36]}  Qxg5 {[%clk 0:45:26]} 22. Nxg5 {[%clk 0:21:56]}  f3 {[%clk 0:45:20]} 23. Bf1 {[%clk 0:19:47]}  d5 {[%clk 0:38:59]} 24. Bb5 {[%clk 0:17:05]}  Rf6 {[%clk 0:34:21]} 25. Bxc6 {[%clk 0:16:07]}  bxc6 {[%clk 0:34:05]} 26. Re7 {[%clk 0:14:54]}  h6 {[%clk 0:31:54]} 27. Nf7+ {[%clk 0:15:28]}  Kg8 {[%clk 0:32:09]} 28. Ne5 {[%clk 0:15:34]}  Nxe5 {[%clk 0:32:07]} 29. Rxe5 {[%clk 0:11:44]}  a4 {[%clk 0:31:13]} 30. a3 {[%clk 0:12:11]}  Bf5 {[%clk 0:29:13]} 1/2-1/2

[Event "9 Round Open"]
[Site "Enniscrone, Sligo, IE"]
[Date "2026.02.03"]
[Round "3"]
[White "Stokes, Stephen"]
[Black "Fernandez Manrique, Agustin"]
[Result "1/2-1/2"]
[Board "8"]
[WhiteFideId "2503530"]
[BlackFideId "2231000"]
[BlackTitle "CM"]
[WhiteElo "1875"]
[BlackElo "2038"]
[WhiteTeam "IRL"]
[BlackTeam "ESP"]
[WhiteClock "0:16:36"]
[BlackClock "0:20:48"]
[Variant "Standard"]

1. d4 {[%clk 1:30:12]}  Nf6 {[%clk 1:30:07]} 2. Nf3 {[%clk 1:30:10]}  g6 {[%clk 1:29:52]} 3. g3 {[%clk 1:30:20]}  Bg7 {[%clk 1:30:14]} 4. Bg2 {[%clk 1:30:32]}  O-O {[%clk 1:30:29]} 5. O-O {[%clk 1:30:41]}  d6 {[%clk 1:29:25]} 6. c4 {[%clk 1:29:50]}  c5 {[%clk 1:27:50]} 7. dxc5 {[%clk 1:28:43]}  dxc5 {[%clk 1:28:03]} 8. Qxd8 {[%clk 1:21:28]}  Rxd8 {[%clk 1:28:22]} 9. Ne5 {[%clk 1:21:52]}  Nfd7 {[%clk 1:20:09]} 10. Nd3 {[%clk 1:15:36]}  Na6 {[%clk 1:16:21]} 11. Nc3 {[%clk 1:11:35]}  Nb6 {[%clk 1:02:25]} 12. Nd5 {[%clk 1:07:27]}  Nxd5 {[%clk 0:59:24]} 13. Bxd5 {[%clk 1:04:18]}  Nc7 {[%clk 0:53:31]} 14. Bg2 {[%clk 0:59:07]}  Ne6 {[%clk 0:53:55]} 15. Be3 {[%clk 0:40:20]}  Bd4 {[%clk 0:49:57]} 16. Bxd4 {[%clk 0:39:30]}  Rxd4 {[%clk 0:48:59]} 17. Rac1 {[%clk 0:35:12]}  Rb8 {[%clk 0:47:13]} 18. Rfd1 {[%clk 0:34:19]}  b6 {[%clk 0:44:21]} 19. Bd5 {[%clk 0:28:52]}  Bb7 {[%clk 0:39:22]} 20. e3 {[%clk 0:25:13]}  Bxd5 {[%clk 0:37:42]} 21. exd4 {[%clk 0:25:18]}  Bf3 {[%clk 0:37:55]} 22. d5 {[%clk 0:20:59]}  Nd4 {[%clk 0:31:39]} 23. Ne5 {[%clk 0:19:29]}  Bxd1 {[%clk 0:29:22]} 24. Rxd1 {[%clk 0:19:47]}  Rd8 {[%clk 0:29:15]} 25. Kg2 {[%clk 0:16:36]}  Rd6 {[%clk 0:20:48]} 1/2-1/2

[Event "9 Round Open"]
[Site "Enniscrone, Sligo, IE"]
[Date "2026.02.03"]
[Round "3"]
[White "Barnes, Oliver"]
[Black "Alvarez Jimenez, Alfonso"]
[Result "0-1"]
[Board "9"]
[WhiteFideId "2517604"]
[BlackFideId "2297418"]
[WhiteElo "2013"]
[BlackElo "1868"]
[WhiteTeam "IRL"]
[BlackTeam "ESP"]
[WhiteClock "0:07:02"]
[BlackClock "0:06:17"]
[Variant "Standard"]

1. e4 {[%clk 1:30:53]}  c5 {[%clk 1:27:57]} 2. Nf3 {[%clk 1:31:15]}  d6 {[%clk 1:28:19]} 3. d4 {[%clk 1:31:40]}  cxd4 {[%clk 1:28:43]} 4. Nxd4 {[%clk 1:32:03]}  Nf6 {[%clk 1:29:05]} 5. Nc3 {[%clk 1:32:27]}  g6 {[%clk 1:29:30]} 6. Be3 {[%clk 1:32:43]}  Bg7 {[%clk 1:29:53]} 7. f3 {[%clk 1:33:08]}  O-O {[%clk 1:30:16]} 8. Qd2 {[%clk 1:33:33]}  Nc6 {[%clk 1:30:27]} 9. O-O-O {[%clk 1:33:56]}  Bd7 {[%clk 1:25:57]} 10. g4 {[%clk 1:33:11]}  Rb8 {[%clk 1:22:26]} 11. h4 {[%clk 1:29:44]}  Nxd4 {[%clk 1:14:00]} 12. Bxd4 {[%clk 1:29:53]}  b5 {[%clk 1:13:40]} 13. h5 {[%clk 1:19:07]}  b4 {[%clk 1:06:34]} 14. Nd5 {[%clk 1:13:40]}  e5 {[%clk 0:49:49]} 15. Be3 {[%clk 1:06:00]}  Nxd5 {[%clk 0:48:31]} 16. exd5 {[%clk 1:05:00]}  e4 {[%clk 0:39:13]} 17. Bh6 {[%clk 0:48:48]}  Qf6 {[%clk 0:35:40]} 18. Bxg7 {[%clk 0:49:11]}  Qxg7 {[%clk 0:35:57]} 19. Qh2 {[%clk 0:33:27]}  Rfc8 {[%clk 0:28:25]} 20. Ba6 {[%clk 0:24:41]}  b3 {[%clk 0:25:01]} 21. axb3 {[%clk 0:21:51]}  Rxb3 {[%clk 0:24:08]} 22. c3 {[%clk 0:11:58]}  Rcxc3+ {[%clk 0:19:12]} 23. bxc3 {[%clk 0:12:03]}  Qxc3+ {[%clk 0:15:05]} 24. Qc2 {[%clk 0:12:27]}  Qa1+ {[%clk 0:15:04]} 25. Kd2 {[%clk 0:12:24]}  Qa5+ {[%clk 0:14:25]} 26. Ke2 {[%clk 0:11:57]}  Qxa6+ {[%clk 0:14:37]} 27. Kf2 {[%clk 0:11:07]}  Qb6+ {[%clk 0:14:05]} 28. Kg3 {[%clk 0:10:57]}  Rxf3+ {[%clk 0:13:52]} 29. Kg2 {[%clk 0:11:26]}  Qe3 {[%clk 0:11:50]} 30. Rh4 {[%clk 0:10:06]}  g5 {[%clk 0:06:46]} 31. Rb1 {[%clk 0:06:49]}  gxh4 {[%clk 0:06:11]} 32. Rb8+ {[%clk 0:07:14]}  Kg7 {[%clk 0:06:10]} 33. Qb2+ {[%clk 0:07:02]}  Kh6 {[%clk 0:06:17]} 0-1

[Event "9 Round Open"]
[Site "Enniscrone, Sligo, IE"]
[Date "2026.02.03"]
[Round "3"]
[White "Woods, Yannick"]
[Black "McGill, Derek"]
[Result "1-0"]
[Board "10"]
[WhiteFideId "2518384"]
[BlackFideId "2510375"]
[WhiteElo "1971"]
[BlackElo "1853"]
[WhiteTeam "IRL"]
[BlackTeam "IRL"]
[WhiteClock "0:00:37"]
[BlackClock "0:00:54"]
[Variant "Standard"]

1. d4 {[%clk 1:30:59]}  d5 {[%clk 1:28:56]} 2. c4 {[%clk 1:31:24]}  c6 {[%clk 1:29:08]} 3. Nf3 {[%clk 1:31:41]}  e6 {[%clk 1:28:28]} 4. Nc3 {[%clk 1:32:06]}  dxc4 {[%clk 1:24:36]} 5. a4 {[%clk 1:32:18]}  Bb4 {[%clk 1:22:22]} 6. e3 {[%clk 1:31:46]}  b5 {[%clk 1:21:24]} 7. Bd2 {[%clk 1:18:54]}  Bxc3 {[%clk 1:16:59]} 8. Bxc3 {[%clk 1:18:59]}  a5 {[%clk 1:17:24]} 9. d5 {[%clk 1:08:47]}  f6 {[%clk 1:02:13]} 10. dxc6 {[%clk 0:55:17]}  Qxd1+ {[%clk 0:57:54]} 11. Rxd1 {[%clk 0:55:17]}  b4 {[%clk 0:56:11]} 12. Bd4 {[%clk 0:47:57]}  Ba6 {[%clk 0:40:18]} 13. Rc1 {[%clk 0:45:12]}  Nxc6 {[%clk 0:33:21]} 14. Bxc4 {[%clk 0:45:22]}  Bxc4 {[%clk 0:33:41]} 15. Rxc4 {[%clk 0:45:42]}  Nge7 {[%clk 0:32:15]} 16. e4 {[%clk 0:44:07]}  Kf7 {[%clk 0:32:00]} 17. Be3 {[%clk 0:43:51]}  Rhc8 {[%clk 0:23:34]} 18. Ke2 {[%clk 0:43:49]}  Nd8 {[%clk 0:21:42]} 19. Nd2 {[%clk 0:43:16]}  Nb7 {[%clk 0:21:01]} 20. Rhc1 {[%clk 0:38:20]}  Rxc4 {[%clk 0:20:32]} 21. Nxc4 {[%clk 0:38:18]}  Rc8 {[%clk 0:16:17]} 22. b3 {[%clk 0:38:03]}  e5 {[%clk 0:11:43]} 23. Rd1 {[%clk 0:36:09]}  Ke6 {[%clk 0:11:39]} 24. g3 {[%clk 0:31:17]}  Rc6 {[%clk 0:09:43]} 25. f4 {[%clk 0:30:34]}  exf4 {[%clk 0:07:44]} 26. gxf4 {[%clk 0:22:29]}  Nc8 {[%clk 0:07:06]} 27. f5+ {[%clk 0:22:21]}  Ke7 {[%clk 0:07:20]} 28. Rd5 {[%clk 0:11:09]}  Ncd6 {[%clk 0:03:52]} 29. Nxd6 {[%clk 0:10:10]}  Rxd6 {[%clk 0:03:58]} 30. Bc5 {[%clk 0:05:37]}  Nxc5 {[%clk 0:04:18]} 31. Rxc5 {[%clk 0:06:05]}  Ra6 {[%clk 0:04:39]} 32. Rc7+ {[%clk 0:06:19]}  Kd6 {[%clk 0:03:23]} 33. Rxg7 {[%clk 0:06:19]}  Rc6 {[%clk 0:03:34]} 34. Ke3 {[%clk 0:05:46]}  Rc3+ {[%clk 0:03:31]} 35. Kd4 {[%clk 0:06:06]}  Rxb3 {[%clk 0:03:49]} 36. Rf7 {[%clk 0:05:29]}  Ra3 {[%clk 0:03:03]} 37. Rxf6+ {[%clk 0:05:53]}  Ke7 {[%clk 0:02:57]} 38. Ke5 {[%clk 0:06:12]}  Rxa4 {[%clk 0:02:58]} 39. Rb6 {[%clk 0:06:02]}  Ra1 {[%clk 0:01:10]} 40. Rb7+ {[%clk 0:04:00]}  Kd8 {[%clk 0:00:54]} 41. f6 {[%clk 0:02:13]}  Rf1 {[%clk 0:00:41]} 42. Ke6 {[%clk 0:02:18]}  Kc8 {[%clk 0:01:02]} 43. Rb5 {[%clk 0:00:37]}  Rf4 {[%clk 0:01:09]} 44. Ke5 {[%clk 0:00:47]}  Rf2 {[%clk 0:01:34]} 45. Rxa5 {[%clk 0:01:00]}  b3 {[%clk 0:02:00]} 46. Rb5 {[%clk 0:01:08]}  b2 {[%clk 0:02:27]} 47. Ke6 {[%clk 0:00:57]}  Kc7 {[%clk 0:01:00]} 48. f7 {[%clk 0:01:12]}  Rf4 {[%clk 0:00:54]} 49. e5 {[%clk 0:00:37]} 1-0

[Event "9 Round Open"]
[Site "Enniscrone, Sligo, IE"]
[Date "2026.02.03"]
[Round "3"]
[White "Kim, Jimin"]
[Black "Machin Arbelo, Pedro Alexis"]
[Result "1-0"]
[Board "12"]
[WhiteFideId "13224271"]
[BlackFideId "2260972"]
[WhiteElo "1776"]
[BlackElo "1950"]
[WhiteTeam "KOR"]
[BlackTeam "ESP"]
[WhiteClock "0:02:09"]
[BlackClock "0:00:00"]
[Variant "Standard"]

1. e4 {[%clk 1:15:43]}  c5 {[%clk 1:30:36]} 2. Nf3 {[%clk 1:16:04]}  e6 {[%clk 1:30:59]} 3. d4 {[%clk 1:16:04]}  cxd4 {[%clk 1:31:20]} 4. Nxd4 {[%clk 1:16:28]}  Nf6 {[%clk 1:31:43]} 5. Nc3 {[%clk 1:16:52]}  Nc6 {[%clk 1:32:02]} 6. Ndb5 {[%clk 1:16:51]}  Bb4 {[%clk 1:32:19]} 7. a3 {[%clk 1:15:53]}  Bxc3+ {[%clk 1:32:39]} 8. Nxc3 {[%clk 1:16:15]}  d5 {[%clk 1:32:53]} 9. Bd3 {[%clk 1:16:09]}  d4 {[%clk 1:25:28]} 10. Ne2 {[%clk 1:16:31]}  e5 {[%clk 1:25:52]} 11. h3 {[%clk 1:16:27]}  Qb6 {[%clk 1:22:38]} 12. O-O {[%clk 1:16:13]}  h6 {[%clk 1:12:02]} 13. f4 {[%clk 1:09:30]}  Be6 {[%clk 1:03:39]} 14. b4 {[%clk 1:02:19]}  O-O-O {[%clk 0:38:05]} 15. Bd2 {[%clk 0:52:27]}  Nxe4 {[%clk 0:35:18]} 16. Bxe4 {[%clk 0:42:28]}  d3+ {[%clk 0:35:09]} 17. Kh2 {[%clk 0:39:09]}  dxe2 {[%clk 0:35:26]} 18. Qxe2 {[%clk 0:39:28]}  Nd4 {[%clk 0:26:21]} 19. Qe3 {[%clk 0:34:14]}  f5 {[%clk 0:25:11]} 20. Bf3 {[%clk 0:33:37]}  e4 {[%clk 0:18:58]} 21. Bd1 {[%clk 0:25:52]}  Qd6 {[%clk 0:14:32]} 22. Qc3+ {[%clk 0:18:09]}  Kb8 {[%clk 0:09:41]} 23. Be3 {[%clk 0:17:59]}  Rd7 {[%clk 0:07:41]} 24. Qb2 {[%clk 0:12:22]}  Rc8 {[%clk 0:07:33]} 25. c3 {[%clk 0:10:59]}  Nb5 {[%clk 0:05:17]} 26. Ba4 {[%clk 0:11:25]}  Bc4 {[%clk 0:03:54]} 27. Rfd1 {[%clk 0:09:12]}  Qc7 {[%clk 0:04:23]} 28. Rxd7 {[%clk 0:08:53]}  Qxd7 {[%clk 0:04:47]} 29. Rd1 {[%clk 0:09:21]}  Qc7 {[%clk 0:04:39]} 30. Bxb5 {[%clk 0:09:03]}  Bxb5 {[%clk 0:05:07]} 31. Qf2 {[%clk 0:08:55]}  g5 {[%clk 0:01:54]} 32. g3 {[%clk 0:06:40]}  Qxc3 {[%clk 0:01:50]} 33. fxg5 {[%clk 0:06:42]}  hxg5 {[%clk 0:01:49]} 34. Bxg5 {[%clk 0:07:08]}  Qf3 {[%clk 0:01:12]} 35. Rd2 {[%clk 0:04:19]}  Re8 {[%clk 0:00:39]} 36. Qc5 {[%clk 0:02:57]}  a6 {[%clk 0:00:00]} 37. Qc3 {[%clk 0:02:09]} 1-0

[Event "9 Round Open"]
[Site "Enniscrone, Sligo, IE"]
[Date "2026.02.03"]
[Round "3"]
[White "Ranade, Akshay"]
[Black "Morriss, Pete"]
[Result "0-1"]
[Board "13"]
[WhiteFideId "2515270"]
[BlackFideId "2500230"]
[WhiteElo "1723"]
[BlackElo "1931"]
[WhiteTeam "IRL"]
[BlackTeam "IRL"]
[WhiteClock "1:02:14"]
[BlackClock "1:00:55"]
[Variant "Standard"]

1. c4 {[%clk 1:30:50]}  Nf6 {[%clk 1:30:21]} 2. g3 {[%clk 1:30:28]}  e6 {[%clk 1:30:32]} 3. Bg2 {[%clk 1:29:01]}  c5 {[%clk 1:30:44]} 4. Nf3 {[%clk 1:24:13]}  Nc6 {[%clk 1:30:55]} 5. Nc3 {[%clk 1:23:05]}  d5 {[%clk 1:30:52]} 6. cxd5 {[%clk 1:22:07]}  exd5 {[%clk 1:29:59]} 7. d4 {[%clk 1:21:32]}  Bf5 {[%clk 1:22:15]} 8. Bg5 {[%clk 1:12:05]}  Be7 {[%clk 1:11:19]} 9. dxc5 {[%clk 1:08:13]}  d4 {[%clk 1:06:00]} 10. Nb5 {[%clk 1:03:21]}  Qa5+ {[%clk 1:04:44]} 11. Kf1 {[%clk 1:02:18]}  Qxb5 {[%clk 1:04:15]} 12. Nxd4 {[%clk 1:02:14]}  Nxd4 {[%clk 1:00:55]} 0-1

[Event "9 Round Open"]
[Site "Enniscrone, Sligo, IE"]
[Date "2026.02.03"]
[Round "3"]
[White "Kelbas, Dariy"]
[Black "Fathallah, Joe"]
[Result "0-1"]
[Board "14"]
[WhiteFideId "34160515"]
[BlackFideId "1801899"]
[WhiteElo "1866"]
[BlackElo "1956"]
[WhiteTeam "UKR"]
[BlackTeam "WLS"]
[WhiteClock "0:10:40"]
[BlackClock "0:39:11"]
[Variant "Standard"]

1. Nf3 {[%clk 1:29:16]}  d6 {[%clk 1:30:46]} 2. b3 {[%clk 1:28:36]}  e5 {[%clk 1:29:52]} 3. d3 {[%clk 1:27:43]}  f5 {[%clk 1:29:37]} 4. c4 {[%clk 1:17:41]}  Nf6 {[%clk 1:29:05]} 5. Nc3 {[%clk 1:14:30]}  g6 {[%clk 1:26:50]} 6. Bb2 {[%clk 1:14:30]}  Bg7 {[%clk 1:27:01]} 7. g3 {[%clk 1:14:08]}  O-O {[%clk 1:25:12]} 8. Bg2 {[%clk 1:14:11]}  Nc6 {[%clk 1:22:46]} 9. O-O {[%clk 1:11:40]}  h6 {[%clk 1:19:34]} 10. a3 {[%clk 1:06:20]}  g5 {[%clk 1:17:02]} 11. b4 {[%clk 1:05:11]}  f4 {[%clk 1:12:33]} 12. Nd2 {[%clk 1:01:47]}  Rb8 {[%clk 1:03:04]} 13. Nde4 {[%clk 0:57:26]}  Nxe4 {[%clk 1:01:08]} 14. Nxe4 {[%clk 0:57:14]}  Be6 {[%clk 1:00:12]} 15. Nc3 {[%clk 0:49:34]}  Qd7 {[%clk 0:55:18]} 16. Nd5 {[%clk 0:48:10]}  Nd4 {[%clk 0:54:05]} 17. Rc1 {[%clk 0:42:45]}  c6 {[%clk 0:53:26]} 18. Nc3 {[%clk 0:43:03]}  Bh3 {[%clk 0:52:18]} 19. Ne4 {[%clk 0:40:28]}  Nxe2+ {[%clk 0:51:24]} 20. Qxe2 {[%clk 0:40:07]}  Bxg2 {[%clk 0:51:45]} 21. Rfe1 {[%clk 0:38:38]}  f3 {[%clk 0:50:01]} 22. Qd1 {[%clk 0:30:03]}  Qh3 {[%clk 0:49:38]} 23. Re3 {[%clk 0:30:06]}  d5 {[%clk 0:47:04]} 24. cxd5 {[%clk 0:28:33]}  cxd5 {[%clk 0:47:24]} 25. Nd2 {[%clk 0:27:48]}  g4 {[%clk 0:44:35]} 26. Bxe5 {[%clk 0:23:08]}  Rf5 {[%clk 0:43:25]} 27. Nxf3 {[%clk 0:11:17]}  Bxf3 {[%clk 0:39:42]} 28. Rxf3 {[%clk 0:10:47]}  gxf3 {[%clk 0:39:20]} 29. Bxb8 {[%clk 0:10:40]}  Qg2# {[%clk 0:39:11]} 0-1

[Event "9 Round Open"]
[Site "Enniscrone, Sligo, IE"]
[Date "2026.02.03"]
[Round "3"]
[White "Armstrong, Chris"]
[Black "Ashbrooke, Monika"]
[Result "1-0"]
[Board "15"]
[WhiteFideId "2510340"]
[BlackFideId "15600262"]
[BlackTitle "WCM"]
[WhiteElo "1648"]
[BlackElo "1628"]
[WhiteTeam "IRL"]
[BlackTeam "JCI"]
[WhiteClock "0:02:04"]
[BlackClock "0:06:25"]
[Variant "Standard"]

1. e4 {[%clk 1:18:23]}  e6 {[%clk 1:30:47]} 2. d4 {[%clk 1:18:36]}  d5 {[%clk 1:31:13]} 3. Nc3 {[%clk 1:19:01]}  dxe4 {[%clk 1:31:36]} 4. Nxe4 {[%clk 1:19:19]}  Bd7 {[%clk 1:31:40]} 5. Nf3 {[%clk 1:19:31]}  Bc6 {[%clk 1:32:03]} 6. Bd3 {[%clk 1:19:39]}  Nd7 {[%clk 1:31:59]} 7. O-O {[%clk 1:19:36]}  Ngf6 {[%clk 1:32:22]} 8. Nxf6+ {[%clk 1:15:19]}  Qxf6 {[%clk 1:29:00]} 9. Be2 {[%clk 1:09:06]}  Bd6 {[%clk 1:24:12]} 10. c3 {[%clk 1:05:37]}  O-O {[%clk 1:20:47]} 11. Bg5 {[%clk 1:01:41]}  Qg6 {[%clk 1:19:11]} 12. Qd2 {[%clk 1:00:52]}  Nf6 {[%clk 1:12:29]} 13. Nh4 {[%clk 0:52:49]}  Ne4 {[%clk 1:11:51]} 14. Nxg6 {[%clk 0:49:19]}  Nxd2 {[%clk 1:11:42]} 15. Nxf8 {[%clk 0:45:39]}  Nxf1 {[%clk 1:11:58]} 16. Rxf1 {[%clk 0:40:02]}  Kxf8 {[%clk 1:11:40]} 17. Re1 {[%clk 0:39:33]}  h6 {[%clk 1:10:54]} 18. Bd2 {[%clk 0:39:32]}  b5 {[%clk 1:05:20]} 19. Bd3 {[%clk 0:38:56]}  Bd5 {[%clk 1:04:47]} 20. a3 {[%clk 0:36:10]}  Rb8 {[%clk 1:04:07]} 21. Be4 {[%clk 0:34:31]}  c6 {[%clk 1:02:34]} 22. Bc2 {[%clk 0:31:59]}  c5 {[%clk 0:56:06]} 23. dxc5 {[%clk 0:30:46]}  Bxc5 {[%clk 0:56:31]} 24. Be3 {[%clk 0:31:04]}  Rc8 {[%clk 0:54:04]} 25. Bxc5+ {[%clk 0:30:35]}  Rxc5 {[%clk 0:54:27]} 26. f3 {[%clk 0:30:02]}  b4 {[%clk 0:53:53]} 27. axb4 {[%clk 0:29:42]}  Rc7 {[%clk 0:47:21]} 28. Be4 {[%clk 0:25:16]}  Bc4 {[%clk 0:45:49]} 29. Rd1 {[%clk 0:24:13]}  Ke7 {[%clk 0:44:43]} 30. Kf2 {[%clk 0:23:47]}  f5 {[%clk 0:41:38]} 31. Bc2 {[%clk 0:22:00]}  a6 {[%clk 0:37:06]} 32. b3 {[%clk 0:18:54]}  Bd5 {[%clk 0:32:28]} 33. c4 {[%clk 0:18:08]}  Bc6 {[%clk 0:30:18]} 34. Ra1 {[%clk 0:15:28]}  Bb7 {[%clk 0:30:01]} 35. Bd3 {[%clk 0:13:31]}  Rd7 {[%clk 0:29:40]} 36. Ke2 {[%clk 0:13:28]}  f4 {[%clk 0:26:43]} 37. c5 {[%clk 0:08:43]}  Rd4 {[%clk 0:24:14]} 38. Bxa6 {[%clk 0:04:41]}  Rxb4 {[%clk 0:24:01]} 39. Bxb7 {[%clk 0:03:18]}  Rxb7 {[%clk 0:24:24]} 40. Rb1 {[%clk 0:03:17]}  e5 {[%clk 0:24:01]} 41. b4 {[%clk 0:03:17]}  Rb5 {[%clk 0:23:48]} 42. Kd3 {[%clk 0:03:23]}  Kd7 {[%clk 0:23:51]} 43. Kc4 {[%clk 0:03:16]}  Kc6 {[%clk 0:24:01]} 44. Rd1 {[%clk 0:02:58]}  Rb8 {[%clk 0:14:49]} 45. Rd6+ {[%clk 0:02:59]}  Kc7 {[%clk 0:14:56]} 46. Re6 {[%clk 0:03:00]}  Ra8 {[%clk 0:14:15]} 47. Rxe5 {[%clk 0:03:01]}  Kd7 {[%clk 0:14:26]} 48. Re2 {[%clk 0:03:06]}  Kc6 {[%clk 0:08:40]} 49. Rd2 {[%clk 0:02:03]}  Ra4 {[%clk 0:07:58]} 50. Rd6+ {[%clk 0:01:47]}  Kc7 {[%clk 0:08:14]} 51. Rg6 {[%clk 0:02:01]}  Ra1 {[%clk 0:05:58]} 52. Rxg7+ {[%clk 0:02:21]}  Kc6 {[%clk 0:06:25]} 53. b5# {[%clk 0:02:04]} 1-0

[Event "9 Round Open"]
[Site "Enniscrone, Sligo, IE"]
[Date "2026.02.03"]
[Round "3"]
[White "Bartczak, Korneliusz"]
[Black "Saine, Zachary"]
[Result "1/2-1/2"]
[Board "16"]
[WhiteFideId "2523558"]
[BlackFideId "2624346"]
[WhiteElo "2077"]
[BlackElo "2149"]
[WhiteTeam "IRL"]
[BlackTeam "CAN"]
[WhiteClock "0:18:57"]
[BlackClock "0:31:09"]
[Variant "Standard"]

1. e4 {[%clk 1:30:59]}  c5 {[%clk 1:26:58]} 2. c3 {[%clk 1:30:51]}  d5 {[%clk 1:27:23]} 3. exd5 {[%clk 1:31:16]}  Qxd5 {[%clk 1:27:49]} 4. Nf3 {[%clk 1:31:41]}  g6 {[%clk 1:28:12]} 5. d4 {[%clk 1:30:41]}  cxd4 {[%clk 1:21:25]} 6. cxd4 {[%clk 1:27:09]}  Bg7 {[%clk 1:19:14]} 7. Nc3 {[%clk 1:26:46]}  Qd8 {[%clk 1:19:05]} 8. Be2 {[%clk 1:19:41]}  Nf6 {[%clk 1:18:57]} 9. Be3 {[%clk 1:18:06]}  O-O {[%clk 1:18:54]} 10. O-O {[%clk 1:17:26]}  Nbd7 {[%clk 1:15:13]} 11. Ne5 {[%clk 1:10:56]}  Nb6 {[%clk 1:13:25]} 12. Qd2 {[%clk 1:03:23]}  Nbd5 {[%clk 1:09:13]} 13. Nxd5 {[%clk 1:02:47]}  Nxd5 {[%clk 1:09:36]} 14. Bh6 {[%clk 1:00:57]}  Be6 {[%clk 1:04:47]} 15. Bxg7 {[%clk 0:56:19]}  Kxg7 {[%clk 1:05:11]} 16. Rac1 {[%clk 0:55:24]}  Qb6 {[%clk 1:02:22]} 17. Bf3 {[%clk 0:45:39]}  Rfd8 {[%clk 1:01:13]} 18. Rfd1 {[%clk 0:43:42]}  Rac8 {[%clk 0:56:48]} 19. a3 {[%clk 0:39:35]}  Rxc1 {[%clk 0:55:00]} 20. Rxc1 {[%clk 0:38:11]}  Nf6 {[%clk 0:48:17]} 21. Rd1 {[%clk 0:25:21]}  Bb3 {[%clk 0:47:22]} 22. Re1 {[%clk 0:24:55]}  Rxd4 {[%clk 0:46:51]} 23. Qc3 {[%clk 0:24:24]}  Be6 {[%clk 0:41:59]} 24. Bxb7 {[%clk 0:22:36]}  Rd8 {[%clk 0:31:35]} 25. Bf3 {[%clk 0:21:33]}  Bd5 {[%clk 0:31:09]} 26. b4 {[%clk 0:18:57]} 1/2-1/2

[Event "9 Round Open"]
[Site "Enniscrone, Sligo, IE"]
[Date "2026.02.03"]
[Round "3"]
[White "Melling, Jonathon"]
[Black "Konig, Jon"]
[Result "1-0"]
[Board "17"]
[WhiteFideId "841790"]
[BlackFideId "343468780"]
[WhiteElo "1878"]
[BlackElo "1661"]
[WhiteTeam "IRL"]
[BlackTeam "ENG"]
[WhiteClock "1:09:27"]
[BlackClock "1:22:18"]
[Variant "Standard"]

1. d4 {[%clk 1:30:11]}  f5 {[%clk 1:30:53]} 2. Bf4 {[%clk 1:29:56]}  e6 {[%clk 1:31:11]} 3. Nf3 {[%clk 1:30:18]}  Nf6 {[%clk 1:31:30]} 4. e3 {[%clk 1:30:26]}  Be7 {[%clk 1:31:38]} 5. h3 {[%clk 1:30:48]}  b6 {[%clk 1:31:40]} 6. c4 {[%clk 1:31:10]}  Bb7 {[%clk 1:32:02]} 7. Nc3 {[%clk 1:31:13]}  O-O {[%clk 1:32:21]} 8. Bd3 {[%clk 1:29:56]}  d6 {[%clk 1:31:14]} 9. Qe2 {[%clk 1:24:22]}  Ne4 {[%clk 1:30:08]} 10. Bxe4 {[%clk 1:13:52]}  fxe4 {[%clk 1:29:29]} 11. Nd2 {[%clk 1:14:06]}  d5 {[%clk 1:28:15]} 12. Nb5 {[%clk 1:13:48]}  Bd6 {[%clk 1:28:28]} 13. Nxd6 {[%clk 1:11:40]}  cxd6 {[%clk 1:28:56]} 14. Qg4 {[%clk 1:10:19]}  Qe7 {[%clk 1:28:19]} 15. Qg3 {[%clk 1:09:19]}  e5 {[%clk 1:23:04]} 16. dxe5 {[%clk 1:09:35]}  dxe5 {[%clk 1:23:19]} 17. Bxe5 {[%clk 1:09:58]}  Rf7 {[%clk 1:23:07]} 18. Bxb8 {[%clk 1:09:27]}  Rf8 {[%clk 1:22:18]} 19. Be5 {[%clk 1:09:27]} 1-0